[Event "Aut_chT"]
[Site "Frohnleiten"]
[Date "2002.12.08"]
[Round "4.2"]
[White "Gaertner, Guntram"]
[Black "Perhinig, Robert"]
[Result "1-0"]
[WhiteElo "2354"]
[BlackElo "2229"]
[PlyCount "115"]
[EventDate "2002.12.05"]

1. d4 d5 2. c4 e6 3. Nc3 Nf6 4. cxd5 exd5 5. Bg5 c6 6. e3 Be7 7. Qc2 Nbd7 8.
Bd3 O-O 9. Nf3 Re8 10. O-O Nf8 11. Rab1 g6 12. b4 Ne6 13. Bh4 a6 14. a4 a5 15.
b5 c5 16. dxc5 Nxc5 17. Nd4 Be6 18. Rfc1 Rc8 19. Qd1 Nxd3 20. Qxd3 Qb6 21. Nce2
Rc4 22. Rxc4 dxc4 23. Qc2 Rc8 24. Nf4 Qd6 25. Ndxe6 fxe6 26. Nxg6 Nd5 27. Bxe7
Nxe7 28. Nxe7+ Qxe7 29. Qc3 Qd6 30. h3 Qd5 31. Re1 Qd3 32. Qf6 Qg6 33. Qxg6+
hxg6 34. Kf1 c3 35. Ke2 Rc4 36. Rc1 Kf7 37. Kd3 Rxa4 38. Rxc3 Kf6 39. Rc7 b6
40. Rc6 Ra2 41. f4 Rxg2 42. Rxb6 Rb2 43. Kc4 Rc2+ 44. Kd4 Rb2 45. Kc5 Rc2+ 46.
Kd6 Rb2 47. Kc6 Re2 48. Ra6 Rxe3 49. Rxa5 Rc3+ 50. Kb7 Kf5 51. b6+ Kxf4 52.
Ra4+ Kf5 53. h4 e5 54. Ka6 Rc8 55. b7 Rd8 56. Rc4 e4 57. Rc8 Rd2 58. Rc5+ 1-0

[Event "Aut_chT"]
[Site "Frohnleiten"]
[Date "2002.12.08"]
[Round "4.3"]
[White "Pinter, Jozsef"]
[Black "Dizdar, Goran"]
[Result "1/2-1/2"]
[WhiteElo "2543"]
[BlackElo "2525"]
[PlyCount "123"]
[EventDate "2002.12.05"]

1. Nf3 Nf6 2. c4 e6 3. g3 d5 4. Bg2 Be7 5. O-O O-O 6. b3 b6 7. Bb2 Bb7 8. d4
Na6 9. Ne5 Qc8 10. Nc3 Rd8 11. cxd5 exd5 12. Rc1 Qe6 13. Nd3 Bf8 14. e3 Rac8
15. Nf4 Qe8 16. Qc2 g6 17. Rfd1 c6 18. a3 Nc7 19. Re1 Bg7 20. Rcd1 Qf8 21. Bh3
Rb8 22. Nd3 Ne6 23. b4 Ng5 24. Bg2 Nge4 25. Ne5 Qe8 26. Rc1 Nd6 27. a4 a6 28.
Nb1 Nd7 29. Nd3 Nf6 30. Nd2 Nfe4 31. Nb3 Nc4 32. Ba1 Ned6 33. Nd2 f5 34. Nxc4
Nxc4 35. Bf1 Rd7 36. Qa2 Re7 37. Bc3 Bc8 38. b5 axb5 39. axb5 cxb5 40. Bb4 Rf7
41. Ra1 Bb7 42. Qb3 Ra8 43. Rxa8 Qxa8 44. Rb1 Bc6 45. Bg2 Ra7 46. Qd1 Bh6 47.
Ne5 Bf8 48. Bxf8 Kxf8 49. h4 Kg7 50. Nd3 Qe8 51. Nb4 Qd7 52. Bf3 Qd6 53. Qe1
Ra4 54. Rb3 Bb7 55. Qc3 Na5 56. Rb1 Nc4 57. Bd1 Ra3 58. Rb3 Ra5 59. Bf3 Ra4 60.
Bd1 Ra5 61. Bf3 Ra4 62. Bd1 1/2-1/2

[Event "Aut_chT"]
[Site "Frohnleiten"]
[Date "2002.12.08"]
[Round "4.3"]
[White "Schmittdiel, Eckhard"]
[Black "Baumegger, Siegfried"]
[Result "1-0"]
[WhiteElo "2491"]
[BlackElo "2359"]
[PlyCount "75"]
[EventDate "2002.12.05"]

1. Nf3 d5 2. c4 c6 3. e3 Nf6 4. b3 Bg4 5. Bb2 e6 6. Be2 Nbd7 7. O-O Bd6 8. h3
Bh5 9. d3 O-O 10. Nbd2 Qe7 11. a3 e5 12. Nh4 Bxe2 13. Qxe2 g6 14. e4 dxe4 15.
dxe4 Ne8 16. g3 Ng7 17. Ndf3 a5 18. Rfd1 Nc5 19. Qc2 a4 20. b4 Nb3 21. Rab1 c5
22. bxc5 Nxc5 23. Ng2 f6 24. Ne3 Rfd8 25. Nd5 Qf7 26. Nh2 Bf8 27. f4 Nd7 28.
Ng4 Ne8 29. fxe5 fxe5 30. Kg2 Qe6 31. Bc1 h5 32. Nh2 Qc6 33. Be3 Rdc8 34. c5
Ng7 35. Nf3 Ne6 36. Nb4 Qc7 37. Qa2 Re8 38. Ng5 1-0

[Event "Aut_chT"]
[Site "Frohnleiten"]
[Date "2002.12.08"]
[Round "4.3"]
[White "Wach, Markus"]
[Black "Duer, Arne"]
[Result "0-1"]
[WhiteElo "2388"]
[BlackElo "2365"]
[PlyCount "58"]
[EventDate "2002.12.05"]

1. e4 c5 2. Nf3 e6 3. b3 d6 4. Bb2 Nf6 5. Nc3 Be7 6. d4 cxd4 7. Nxd4 O-O 8. Bd3
Nc6 9. Nxc6 bxc6 10. Qe2 d5 11. O-O a5 12. f4 Ba6 13. Kh1 Qc8 14. Rf3 Re8 15.
Rh3 Bxd3 16. cxd3 Qa6 17. Rf1 Rad8 18. e5 Nd7 19. Qh5 Nf8 20. f5 exf5 21. Qxf5
f6 22. Ne2 c5 23. Rg3 d4 24. Nf4 Qc8 25. e6 Kh8 26. Rxg7 Kxg7 27. Rf3 Kh8 28.
Rh3 Qc7 29. Rg3 Qe5 0-1

[Event "Aut_chT"]
[Site "Frohnleiten"]
[Date "2002.12.08"]
[Round "4.3"]
[White "Laube, Bernhard"]
[Black "Kuba, Guenter"]
[Result "0-1"]
[WhiteElo "2267"]
[BlackElo "2307"]
[PlyCount "88"]
[EventDate "2002.12.05"]

1. d4 d5 2. e3 Nf6 3. Bd3 Nc6 4. f4 Nb4 5. Be2 Bf5 6. Na3 c5 7. c3 Nc6 8. Nf3
e6 9. O-O Be7 10. Nh4 Be4 11. Bd3 O-O 12. Nb1 Rc8 13. Nf3 Qb6 14. Kh1 Rfd8 15.
Qe2 Na5 16. Nbd2 Bxd3 17. Qxd3 Nc4 18. Nxc4 dxc4 19. Qe2 Qc6 20. Qxc4 Qe4 21.
Nd2 Qxe3 22. Nf3 Qe4 23. Re1 Qg6 24. Qe2 cxd4 25. Nxd4 Bc5 26. Nb3 Bd6 27. c4
Bb8 28. Bd2 Rd3 29. Rad1 Rxc4 30. Bb4 Rxd1 31. Rxd1 Rc8 32. Qc4 Re8 33. Nc5 h6
34. Nxb7 Ne4 35. Rf1 e5 36. f5 Qg4 37. Qc6 Nf6 38. Bc5 e4 39. Be3 Qe2 40. Qc1
Ng4 41. Bf4 Nf2+ 42. Kg1 Nd3 43. Qc6 Bxf4 44. Qxe8+ Kh7 0-1

[Event "Aut_chT"]
[Site "Frohnleiten"]
[Date "2002.12.08"]
[Round "4.3"]
[White "Kilgus, Georg"]
[Black "Ferrari, Josef"]
[Result "0-1"]
[WhiteElo "2346"]
[BlackElo "2217"]
[PlyCount "100"]
[EventDate "2002.12.05"]

1. d4 d5 2. c4 e6 3. Nf3 c5 4. cxd5 exd5 5. g3 Nc6 6. Bg2 Nf6 7. O-O Be7 8. Be3
c4 9. Ne5 O-O 10. Nxc6 bxc6 11. b3 cxb3 12. axb3 Qb6 13. Nc3 Rb8 14. Qd3 a5 15.
Rfb1 g6 16. Rb2 Bf5 17. Qd1 Bb4 18. Na4 Qb5 19. Bf4 Ra8 20. f3 h5 21. h3 Rfe8
22. g4 hxg4 23. hxg4 Bc8 24. Bf1 Qb7 25. Nc5 Qe7 26. Qc1 Nd7 27. Rc2 Nxc5 28.
dxc5 d4 29. Ra4 Be6 30. Bd6 Qf6 31. Qb2 Bd5 32. e4 Bc3 33. Qa2 Be6 34. Bg2 Qf4
35. Qb1 Qe3+ 36. Kf1 Bb4 37. Rb2 f5 38. gxf5 gxf5 39. Rxb4 axb4 40. Qe1 Qxe1+
41. Kxe1 Ra3 42. Kd2 Rxb3 43. Rxb3 Bxb3 44. Kd3 fxe4+ 45. fxe4 Be6 46. Kxd4 b3
47. Kc3 Ra8 48. e5 Ra2 49. Bxc6 Rc2+ 50. Kd3 Bc4+ 0-1

[Event "Aut_chT"]
[Site "Frohnleiten"]
[Date "2002.12.08"]
[Round "4.3"]
[White "Gerhold, Michael"]
[Black "Postl, Anton"]
[Result "1/2-1/2"]
[WhiteElo "2205"]
[BlackElo "2322"]
[PlyCount "78"]
[EventDate "2002.12.05"]

1. d4 Nf6 2. c4 g6 3. Nc3 Bg7 4. e4 d6 5. Nf3 O-O 6. Be2 e5 7. O-O Nc6 8. d5
Ne7 9. b4 Nh5 10. Re1 f5 11. Ng5 Nf6 12. Bf3 c6 13. Be3 a5 14. b5 f4 15. Bc1 c5
16. Rb1 Ne8 17. Bg4 Nf5 18. exf5 Qxg5 19. Ne4 Qh6 20. fxg6 Qxg6 21. Bxc8 Rxc8
22. Rb3 b6 23. Rh3 Rc7 24. Qh5 Qxh5 25. Rxh5 Nf6 26. Rf5 Nxe4 27. Rxf8+ Bxf8
28. Rxe4 Rf7 29. f3 Kg7 30. Kf2 Kg6 31. Bd2 Be7 32. Ke2 h5 33. Be1 Kf5 34. Kd3
Rg7 35. Re2 Bf6 36. Kc2 Re7 37. Kd3 Rg7 38. Kc2 Re7 39. Re4 Rg7 1/2-1/2

[Event "Aut_chT"]
[Site "Frohnleiten"]
[Date "2002.12.08"]
[Round "4.4"]
[White "Lehner, Oliver"]
[Black "Muse, Mladen"]
[Result "1/2-1/2"]
[WhiteElo "2413"]
[BlackElo "2474"]
[PlyCount "51"]
[EventDate "2002.12.05"]

1. d4 Nf6 2. c4 g6 3. Nc3 Bg7 4. e4 d6 5. h3 c6 6. Be3 a6 7. Nf3 b5 8. a3 O-O
9. Qd2 bxc4 10. Bxc4 d5 11. Bd3 dxe4 12. Nxe4 Nxe4 13. Bxe4 Be6 14. Bh6 Bd5 15.
Bxg7 Kxg7 16. Qf4 Nd7 17. O-O Qb8 18. Qe3 e6 19. Rfc1 a5 20. Rc2 Ra7 21. Bxd5
cxd5 22. b3 Rb7 23. Nd2 Rc8 24. Rc3 Nf6 25. Rac1 Rxc3 26. Qxc3 1/2-1/2

[Event "Aut_chT"]
[Site "Frohnleiten"]
[Date "2002.12.08"]
[Round "4.4"]
[White "Grosar, Aljosa"]
[Black "Ganaus, Hannes"]
[Result "1-0"]
[WhiteElo "2474"]
[BlackElo "2357"]
[PlyCount "89"]
[EventDate "2002.12.05"]

1. e4 e6 2. d4 d5 3. e5 c5 4. c3 Qb6 5. Nf3 Bd7 6. a3 a5 7. Bd3 Nc6 8. O-O Nh6
9. Bc2 Rc8 10. dxc5 Bxc5 11. Bxh6 gxh6 12. b4 Bf8 13. Re1 Bg7 14. Ra2 Ne7 15.
bxa5 Qxa5 16. Rb2 Qc7 17. h4 Nc6 18. Qe2 Na5 19. a4 Nc4 20. Ra2 Kd8 21. Bd3 f5
22. Na3 Nxa3 23. Rxa3 Bf8 24. Rb3 Bxa4 25. Nd4 Ke7 26. Rb4 Bd7 27. Reb1 Bg7 28.
Rxb7 Qxe5 29. Bb5 Rhd8 30. Bxd7 Rxd7 31. Rxd7+ Kxd7 32. Qb5+ Ke7 33. Nc6+ Rxc6
34. Qxc6 Kf6 35. Qc8 f4 36. Qd8+ Kf5 37. Qe7 Qf6 38. Qc7 h5 39. Rb4 Qe5 40. Qe7
Qf6 41. Qc7 Bh6 42. Rb7 Kg4 43. Qxh7 Kxh4 44. Rf7 Qg5 45. Rxf4+ 1-0

[Event "Aut_chT"]
[Site "Frohnleiten"]
[Date "2002.12.08"]
[Round "4.4"]
[White "Weissenbeck, Manuel"]
[Black "Fahrner, Kurt"]
[Result "1/2-1/2"]
[WhiteElo "2225"]
[BlackElo "2364"]
[PlyCount "68"]
[EventDate "2002.12.05"]

1. Nf3 d5 2. d4 Nf6 3. Bf4 c6 4. Nbd2 Qb6 5. Rb1 Bf5 6. e3 Nbd7 7. h3 h6 8. Bd3
Bxd3 9. cxd3 e6 10. O-O Be7 11. Qb3 O-O 12. Rfc1 Rfc8 13. Ne5 Nxe5 14. Bxe5 Nd7
15. Bg3 c5 16. Qa4 Rc6 17. Nb3 a5 18. dxc5 Nxc5 19. Nxc5 Bxc5 20. d4 Bf8 21.
Rxc6 bxc6 22. Qc2 Rc8 23. Rc1 c5 24. dxc5 Rxc5 25. Qd2 Qb4 26. Rc3 Rxc3 27.
Qxc3 Qxc3 28. bxc3 Be7 29. Bc7 a4 30. Kf1 Kf8 31. Ke2 Ke8 32. Kd3 Kd7 33. Ba5
Kc6 34. c4 h5 1/2-1/2

[Event "Aut_chT"]
[Site "Frohnleiten"]
[Date "2002.12.08"]
[Round "4.4"]
[White "Frosch, Erich"]
[Black "Boehsmueller, Raimund"]
[Result "1-0"]
[WhiteElo "2343"]
[BlackElo "2212"]
[PlyCount "51"]
[EventDate "2002.12.05"]

1. d4 Nf6 2. Nf3 d6 3. c4 g6 4. Nc3 Bg7 5. e4 O-O 6. Be2 c6 7. O-O a6 8. b4 b5
9. a4 Bb7 10. Qc2 e5 11. dxe5 dxe5 12. Be3 bxc4 13. Bxc4 Nbd7 14. a5 Ne8 15.
Na4 Nd6 16. Rfd1 Qe7 17. Bg5 Bf6 18. Rxd6 Qxd6 19. Rd1 Qe7 20. Rxd7 Qxd7 21.
Bxf6 Qd6 22. Bxe5 Qxb4 23. Bf6 h6 24. h4 Rfe8 25. e5 c5 26. Qxg6+ 1-0

[Event "Aut_chT"]
[Site "Frohnleiten"]
[Date "2002.12.08"]
[Round "4.4"]
[White "Hinterberger, Werner"]
[Black "Ebner, Hubert"]
[Result "1/2-1/2"]
[WhiteElo "2103"]
[BlackElo "2235"]
[PlyCount "36"]
[EventDate "2002.12.05"]

1. e4 c5 2. Nf3 Nc6 3. d4 cxd4 4. Nxd4 g6 5. c4 Bg7 6. Be3 Nf6 7. Nc3 O-O 8.
Be2 d6 9. O-O Bd7 10. Qd2 Nxd4 11. Bxd4 Bc6 12. f3 a5 13. b3 Nd7 14. Be3 Nc5
15. Rab1 Qb6 16. Rfc1 Rfc8 17. Bf1 Qb4 18. Qb2 Qb6 1/2-1/2

[Event "Aut_chT"]
[Site "Frohnleiten"]
[Date "2002.12.08"]
[Round "4.5"]
[White "Loeffler, Stefan"]
[Black "Kindermann, Stefan"]
[Result "1-0"]
[WhiteElo "2398"]
[BlackElo "2519"]
[PlyCount "121"]
[EventDate "2002.12.05"]

1. Nf3 f5 2. d3 d6 3. e4 e5 4. Nc3 Nf6 5. exf5 Bxf5 6. d4 e4 7. Nh4 Bg4 8. Be2
Bxe2 9. Qxe2 d5 10. Bg5 Bb4 11. Qb5+ Nc6 12. Qxb7 Nxd4 13. O-O-O Bxc3 14. bxc3
Rb8 15. Bxf6 gxf6 16. Qxa7 Nb5 17. Qc5 Qd6 18. Rxd5 Qf4+ 19. Rd2 Qxh4 20. a4
Nd6 21. Qc6+ Kf7 22. Qxc7+ Kg6 23. Qxd6 Rb7 24. Qg3+ Qxg3 25. hxg3 Rhb8 26.
Rdd1 Rc8 27. Rh4 f5 28. Rd6+ Kg7 29. Kd2 Rbc7 30. Rd5 Kg6 31. Rd6+ Kg7 32. Rd5
Kg6 33. g4 f4 34. Rh3 f3 35. gxf3 Rxc3 36. Rd6+ Kg7 37. Rd7+ Kg6 38. Rd6+ Kg7
39. Rd7+ Kg6 40. Rhxh7 exf3 41. Kd1 Rxc2 42. Rdg7+ Kf6 43. Rf7+ Kg6 44. Rhg7+
Kh6 45. g5+ Kh5 46. Rxf3 Rc1+ 47. Ke2 R8c2+ 48. Ke3 Rc3+ 49. Kf4 Rc4+ 50. Kf5
Rc5+ 51. Kf6 Rc6+ 52. Kf7 Ra6 53. g6 Ra7+ 54. Kg8 Rxa4 55. Rh3+ Kg4 56. Rg3+
Kf5 57. Rf7+ Ke6 58. g7 Ra8+ 59. Rf8 Ra7 60. Re3+ Kd6 61. Rd8+ 1-0

[Event "Aut_chT"]
[Site "Frohnleiten"]
[Date "2002.12.08"]
[Round "4.5"]
[White "Freitag, Manfred"]
[Black "Penz, Harald"]
[Result "1-0"]
[WhiteElo "2389"]
[BlackElo "2324"]
[PlyCount "131"]
[EventDate "2002.12.05"]

1. d4 d5 2. c4 c5 3. cxd5 Nf6 4. Nf3 cxd4 5. Qxd4 Qxd5 6. Nc3 Qxd4 7. Nxd4 Bd7
8. Bg5 Nc6 9. Nc2 e6 10. O-O-O Be7 11. e4 Rc8 12. f3 Nb4 13. Rd2 Nxc2 14. Rxc2
Nd5 15. Bxe7 Nxc3 16. Ba3 Nxa2+ 17. Kb1 Rxc2 18. Kxc2 a5 19. Kb3 Nb4 20. Bxb4
axb4 21. Kxb4 Ke7 22. Bb5 Bxb5 23. Kxb5 Rc8 24. b4 Rc2 25. Kb6 Rxg2 26. b5 Rb2
27. e5 f6 28. f4 fxe5 29. fxe5 Re2 30. Rg1 g6 31. Rg5 Rxh2 32. Kxb7 Rh5 33.
Rxh5 gxh5 34. Kc7 h4 35. b6 h3 36. b7 h2 37. b8=Q h1=Q 38. Qd8+ Kf7 39. Qf6+
Kg8 40. Qxe6+ Kf8 41. Qf5+ Ke7 42. Qg5+ Ke8 43. Qd8+ Kf7 44. Qd7+ Kf8 45. e6
Qc1+ 46. Kd8 Qg5+ 47. e7+ Kg7 48. Qd4+ Kg8 49. Qc4+ Kg7 50. Kd7 Qf5+ 51. Qe6
Qb5+ 52. Qc6 Qf5+ 53. Kd8 Qa5+ 54. Kc8 Qf5+ 55. Kb7 Qf7 56. Qc3+ Kg8 57. Qg3+
Kh8 58. Qe5+ Kg8 59. Qg5+ Kh8 60. Kc7 Qe8 61. Kd6 h6 62. Qxh6+ Kg8 63. Qg5+ Kh8
64. Kc7 Kh7 65. Qf5+ Kg7 66. Qd7 1-0

[Event "Aut_chT"]
[Site "Frohnleiten"]
[Date "2002.12.08"]
[Round "4.5"]
[White "Roth, Peter"]
[Black "Karner, Christoph"]
[Result "1/2-1/2"]
[WhiteElo "2323"]
[BlackElo "2343"]
[PlyCount "60"]
[EventDate "2002.12.05"]

1. e4 c5 2. Nc3 Nc6 3. Bb5 Nd4 4. Bc4 g6 5. Nf3 Bg7 6. d3 d6 7. Nxd4 cxd4 8.
Ne2 e6 9. Bb3 Ne7 10. Ng3 d5 11. O-O O-O 12. Bd2 b6 13. Qc1 Bb7 14. Bh6 dxe4
15. Bxg7 Kxg7 16. dxe4 Nc6 17. Qd2 Qd6 18. f4 Na5 19. f5 exf5 20. exf5 Nxb3 21.
axb3 Qd5 22. Rf4 d3 23. cxd3 Rfe8 24. Raf1 Rad8 25. fxg6 fxg6 26. Qf2 Ba8 27.
Ne4 Qd4 28. Rf7+ Kg8 29. Qxd4 Rxd4 30. Rxa7 Bxe4 1/2-1/2

[Event "Aut_chT"]
[Site "Frohnleiten"]
[Date "2002.12.08"]
[Round "4.5"]
[White "Watzka, Horst"]
[Black "Mueller, Roland"]
[Result "1-0"]
[WhiteElo "2348"]
[BlackElo "2188"]
[PlyCount "50"]
[EventDate "2002.12.05"]

1. e4 c5 2. Nf3 Nc6 3. Bb5 g6 4. O-O Bg7 5. Nc3 a6 6. Bxc6 dxc6 7. d3 Nf6 8. h3
Nd7 9. Be3 e5 10. a4 a5 11. Qd2 Qc7 12. Ne2 O-O 13. Bh6 f5 14. exf5 gxf5 15.
Rfe1 Nf6 16. Bxg7 Qxg7 17. Nxe5 f4 18. Nxf4 Kh8 19. d4 Bf5 20. Ra3 Ne4 21. Rxe4
Bxe4 22. Rg3 Qf6 23. Nfg6+ hxg6 24. Qh6+ Kg8 25. Nxg6 Kf7 1-0

[Event "Aut_chT"]
[Site "Frohnleiten"]
[Date "2002.12.08"]
[Round "4.5"]
[White "Prager, Manfred"]
[Black "Dohr, Alexander"]
[Result "1-0"]
[WhiteElo "2087"]
[BlackElo "2161"]
[PlyCount "109"]
[EventDate "2002.12.05"]

1. e4 Nc6 2. d4 d5 3. e5 Bf5 4. c3 f6 5. f4 Qd7 6. Bd3 Nh6 7. Nf3 e6 8. O-O
O-O-O 9. b4 Bxd3 10. Qxd3 Be7 11. a4 f5 12. a5 a6 13. Rf2 Na7 14. Na3 Nb5 15.
Nxb5 Qxb5 16. Qxb5 axb5 17. a6 bxa6 18. Rxa6 Kd7 19. Rfa2 Rb8 20. h3 Rhg8 21.
g3 Nf7 22. g4 g6 23. Kg2 Nd8 24. Bd2 Nc6 25. Ra1 Rbf8 26. g5 Rh8 27. Be1 Rb8
28. Nd2 Rb6 29. Rxb6 cxb6 30. Nf3 Kc7 31. Ra2 Kb7 32. Kg3 h6 33. Kg2 hxg5 34.
fxg5 Bd8 35. h4 Be7 36. Ng1 Nd8 37. Nh3 Rg8 38. Nf4 Kb8 39. Kf3 Kb7 40. Rg2 Kc6
41. Bd2 Kd7 42. Rg1 Nc6 43. h5 gxh5 44. Nxh5 Rg6 45. Rg3 Nd8 46. Nf6+ Bxf6 47.
exf6 Nf7 48. Bf4 Ke8 49. Kg2 Kf8 50. Kh3 Nh8 51. Rg2 Rg8 52. Ra2 Ng6 53. Bd6+
Ke8 54. Ra8+ Kf7 55. Ra7+ 1-0

[Event "Aut_chT"]
[Site "Frohnleiten"]
[Date "2002.12.08"]
[Round "4.6"]
[White "Bischoff, Klaus"]
[Black "Boensch, Uwe"]
[Result "1/2-1/2"]
[WhiteElo "2554"]
[BlackElo "2540"]
[PlyCount "22"]
[EventDate "2002.12.05"]

1. d4 d5 2. c4 e6 3. Nc3 Nf6 4. Bg5 Be7 5. e3 h6 6. Bh4 O-O 7. Nf3 b6 8. Be2
Bb7 9. Bxf6 Bxf6 10. cxd5 exd5 11. b4 c6 1/2-1/2

[Event "Aut_chT"]
[Site "Frohnleiten"]
[Date "2002.12.08"]
[Round "4.6"]
[White "Schlosser, Philipp"]
[Black "Horvath, Csaba"]
[Result "1/2-1/2"]
[WhiteElo "2534"]
[BlackElo "2506"]
[PlyCount "20"]
[EventDate "2002.12.05"]

1. d4 d5 2. c4 e6 3. Nc3 c6 4. e3 Nf6 5. b3 Bb4 6. Bb2 Ne4 7. Nge2 f5 8. g3 b6
9. Qc2 O-O 10. Nf4 e5 1/2-1/2

[Event "Aut_chT"]
[Site "Frohnleiten"]
[Date "2002.12.08"]
[Round "4.6"]
[White "Hoelzl, Franz"]
[Black "Stangl, Markus"]
[Result "1/2-1/2"]
[WhiteElo "2372"]
[BlackElo "2494"]
[PlyCount "51"]
[EventDate "2002.12.05"]

1. c4 c5 2. Nf3 Nf6 3. Nc3 b6 4. g3 Bb7 5. Bg2 e6 6. O-O a6 7. d4 cxd4 8. Qxd4
d6 9. Rd1 Be7 10. b3 Nbd7 11. Qe3 O-O 12. Nd4 Bxg2 13. Kxg2 Rc8 14. f4 Re8 15.
Qf3 Bf8 16. e3 d5 17. g4 g6 18. g5 Nh5 19. Bb2 dxc4 20. Rac1 b5 21. bxc4 Rxc4
22. Nb3 Qc7 23. Nd2 Rc5 24. Nb3 Rc4 25. Nd2 Rc5 26. Nb3 1/2-1/2

[Event "Aut_chT"]
[Site "Frohnleiten"]
[Date "2002.12.08"]
[Round "4.6"]
[White "Weinzettl, Ernst"]
[Black "Moser, Günter"]
[Result "1/2-1/2"]
[WhiteElo "2354"]
[BlackElo "2357"]
[PlyCount "36"]
[EventDate "2002.12.05"]

1. e4 c6 2. d4 d5 3. exd5 cxd5 4. c4 Nf6 5. Nc3 g6 6. Qb3 Bg7 7. cxd5 O-O 8.
Be2 Nbd7 9. Bf3 Nb6 10. Nge2 Bg4 11. Bxg4 Nxg4 12. O-O Qd7 13. Bf4 Rfe8 14. a4
Nf6 15. a5 Nbxd5 16. Be5 Rac8 17. Ra4 Red8 18. h3 Nxc3 1/2-1/2

[Event "Aut_chT"]
[Site "Frohnleiten"]
[Date "2002.12.08"]
[Round "4.6"]
[White "Pilaj, Herwig"]
[Black "Blaas, Hansjoerg"]
[Result "1/2-1/2"]
[WhiteElo "2360"]
[BlackElo "2266"]
[PlyCount "34"]
[EventDate "2002.12.05"]

1. c4 e5 2. g3 Nc6 3. Nc3 f5 4. Bg2 Nf6 5. e3 Bc5 6. Nge2 d6 7. d4 Bb6 8. b4 a5
9. b5 Ne7 10. Ba3 exd4 11. exd4 O-O 12. c5 Ba7 13. Qb3+ d5 14. Nf4 c6 15. b6
Bb8 16. Nd3 f4 17. O-O-O Bf5 1/2-1/2

[Event "Aut_chT"]
[Site "Frohnleiten"]
[Date "2002.12.08"]
[Round "4.6"]
[White "Hoellrigl, Wilfried"]
[Black "Titz, Heimo"]
[Result "1/2-1/2"]
[WhiteElo "2189"]
[BlackElo "2325"]
[PlyCount "108"]
[EventDate "2002.12.05"]

1. e4 c5 2. c3 d5 3. exd5 Qxd5 4. d4 Nf6 5. Nf3 e6 6. Be3 cxd4 7. cxd4 Nc6 8.
a3 Be7 9. Nc3 Qd6 10. Bd3 O-O 11. O-O b6 12. Qe2 Bb7 13. Rad1 Rac8 14. Bb1 Rfd8
15. Rfe1 h6 16. Ba2 Na5 17. Ne5 Bd5 18. Nxd5 Nxd5 19. Qh5 Rf8 20. Bxh6 Nf6 21.
Qg5 Ne8 22. Qg3 Bf6 23. Bf4 Bxe5 24. Bxe5 Qe7 25. d5 Nc4 26. Bc3 a5 27. Re4 b5
28. Bxc4 Rxc4 29. Rxc4 bxc4 30. d6 Qd7 31. Qg4 f5 32. Qxc4 Nf6 33. Bxf6 Rxf6
34. Qc7 Qa4 35. Qc8+ Kh7 36. Rd3 Qe4 37. Qc3 e5 38. h4 Rg6 39. Rg3 Rxd6 40.
Rxg7+ Kxg7 41. Qc7+ Kg8 42. Qxd6 Qb1+ 43. Kh2 Qxb2 44. Qg6+ Kh8 45. Qxf5 Qxa3
46. Qxe5+ Kg8 47. Qf6 a4 48. f4 Qb3 49. h5 a3 50. h6 a2 51. g3 Qf7 52. Qg5+ Kh7
53. Qe5 Qa7 54. Qf5+ Kg8 1/2-1/2

[Event "Aut_chT"]
[Site "Jenbach"]
[Date "2003.01.23"]
[Round "5.1"]
[White "Boensch, Uwe"]
[Black "Tischbierek, Raj"]
[Result "0-1"]
[WhiteElo "2537"]
[BlackElo "2506"]
[PlyCount "64"]
[EventDate "2003.01.23"]

1. d4 d6 2. e4 Nf6 3. Nc3 g6 4. Nf3 Bg7 5. Be2 O-O 6. O-O Bg4 7. h3 Bxf3 8.
Bxf3 Nc6 9. Ne2 e5 10. d5 Ne7 11. c4 Nd7 12. g3 f5 13. Bg2 Nf6 14. exf5 Nxf5
15. Bd2 a5 16. Qc2 b6 17. Rae1 Qd7 18. Nc3 Bh6 19. Bxh6 Nxh6 20. f4 exf4 21.
Rxf4 Nh5 22. Rfe4 Nxg3 23. Re7 Qd8 24. Nb5 Nhf5 25. Rxc7 Qg5 26. Kh2 Qf4 27.
Kg1 Rae8 28. Qf2 Rxe1+ 29. Qxe1 Ne3 30. Re7 Ngf1 31. Bxf1 Qg5+ 32. Kh2 Qxe7 0-1

[Event "Aut_chT"]
[Site "Jenbach"]
[Date "2003.01.23"]
[Round "5.1"]
[White "Weinzettl, Ernst"]
[Black "Druckenthaner, Andreas"]
[Result "1-0"]
[WhiteElo "2356"]
[BlackElo "2318"]
[PlyCount "97"]
[EventDate "2003.01.23"]

1. e4 e5 2. Nf3 Nc6 3. Bc4 Bc5 4. b4 Bxb4 5. c3 Bd6 6. d4 Qf6 7. O-O Nh6 8. Bd5
O-O 9. Na3 exd4 10. cxd4 Bxa3 11. Bxa3 d6 12. Rb1 Qg6 13. Re1 Nd8 14. e5 Be6
15. Be4 f5 16. Bxb7 Rb8 17. d5 Bf7 18. exd6 cxd6 19. Ba6 Rxb1 20. Qxb1 Bxd5 21.
Qd3 Be4 22. Qxd6 Qxd6 23. Bxd6 Rf6 24. Bc4+ Ndf7 25. Bb4 Rb6 26. Rd1 g5 27. Bc3
Kf8 28. Bb3 Bxf3 29. gxf3 Rb7 30. Rd5 Ke7 31. Bd4 Rd7 32. Bf6+ Ke6 33. Rd4+
Kxf6 34. Rxd7 Ne5 35. Rxa7 Nxf3+ 36. Kg2 Nh4+ 37. Kf1 Ng4 38. h3 Nh2+ 39. Ke2
h5 40. Ra6+ Ke5 41. Rh6 Ng2 42. a4 Nf4+ 43. Kd1 g4 44. hxg4 Nxg4 45. a5 Nxh6
46. a6 h4 47. a7 h3 48. a8=Q h2 49. Qh8+ 1-0

[Event "Aut_chT"]
[Site "Jenbach"]
[Date "2003.01.23"]
[Round "5.1"]
[White "Sprotte, Norbert"]
[Black "Ellers, Holger"]
[Result "1/2-1/2"]
[WhiteElo "2260"]
[BlackElo "2425"]
[PlyCount "49"]
[EventDate "2003.01.23"]

1. Nf3 c5 2. c4 g6 3. g3 Bg7 4. Bg2 Nc6 5. Nc3 d6 6. O-O Bd7 7. Rb1 Nf6 8. d4
cxd4 9. Nxd4 O-O 10. Nc2 Rc8 11. b3 Qa5 12. Bd2 Qh5 13. f3 Bh6 14. e4 Bxd2 15.
Qxd2 Rfe8 16. Rfd1 a6 17. Ne3 Qc5 18. Kh1 b5 19. cxb5 axb5 20. Ncd5 Nxd5 21.
Nxd5 Be6 22. f4 Bxd5 23. exd5 Nb8 24. Bh3 Rc7 25. Rbc1 1/2-1/2

[Event "Aut_chT"]
[Site "Jenbach"]
[Date "2003.01.23"]
[Round "5.1"]
[White "Peterwagner, Heinz"]
[Black "Fuchs, Georg"]
[Result "0-1"]
[WhiteElo "2243"]
[BlackElo "2244"]
[PlyCount "42"]
[EventDate "2003.01.23"]

1. e4 e5 2. Nf3 Nf6 3. Nc3 Nc6 4. Bc4 Nxe4 5. Nxe4 d5 6. Bd3 dxe4 7. Bxe4 Bg4
8. Bxc6+ bxc6 9. Qe2 Bd6 10. Qe4 Bxf3 11. Qxf3 Qd7 12. O-O O-O 13. d3 f5 14.
Bd2 Rae8 15. Rfe1 Kh8 16. Rad1 Rf6 17. Qh5 Rg6 18. Bg5 Qf7 19. Re3 h6 20. Rh3
f4 21. Re1 Kg8 0-1

[Event "Aut_chT"]
[Site "Jenbach"]
[Date "2003.01.23"]
[Round "5.2"]
[White "Horvath, Csaba"]
[Black "Kujovic, Michal"]
[Result "1/2-1/2"]
[WhiteElo "2506"]
[BlackElo "2384"]
[PlyCount "41"]
[EventDate "2003.01.23"]

1. d4 Nf6 2. c4 e5 3. dxe5 Ng4 4. Bf4 Bb4+ 5. Nd2 d6 6. exd6 Qf6 7. Nh3 Nxf2 8.
Kxf2 Bxh3 9. g3 Bxf1 10. Rxf1 Qd4+ 11. Kf3 Bxd6 12. Ne4 Qxd1 13. Raxd1 Bxf4 14.
gxf4 Nd7 15. Rg1 g6 16. Ng5 Rd8 17. Rd3 h6 18. Ne4 Ke7 19. Rgd1 f5 20. Nc3 Nc5
21. Rd5 1/2-1/2

[Event "Aut_chT"]
[Site "Jenbach"]
[Date "2003.01.23"]
[Round "5.2"]
[White "Penz, Harald"]
[Black "Hoelzl, Franz"]
[Result "1/2-1/2"]
[WhiteElo "2324"]
[BlackElo "2349"]
[PlyCount "59"]
[EventDate "2003.01.23"]

1. e4 e5 2. Nf3 Nc6 3. Bc4 Bc5 4. d3 Nf6 5. O-O O-O 6. Bg5 h6 7. Bh4 Be7 8.
Nbd2 d6 9. c3 Kh8 10. b4 Nh7 11. Bxe7 Nxe7 12. d4 exd4 13. Nxd4 Nf6 14. Qb3 Kg8
15. Rad1 c6 16. Rfe1 Qc7 17. h3 Ng6 18. N2f3 Bd7 19. Re3 Rad8 20. a4 a6 21. a5
Bc8 22. Qc2 Rfe8 23. Rde1 Ne5 24. Nxe5 dxe5 25. Nb3 Be6 26. Bxe6 Rxe6 27. Rd1
Rxd1+ 28. Qxd1 Rd6 29. Qf3 Nd7 30. Rd3 1/2-1/2

[Event "Aut_chT"]
[Site "Jenbach"]
[Date "2003.01.23"]
[Round "5.2"]
[White "Steflitsch, Erich"]
[Black "Roth, Peter"]
[Result "1/2-1/2"]
[WhiteElo "2396"]
[BlackElo "2323"]
[PlyCount "69"]
[EventDate "2003.01.23"]

1. e4 e6 2. d4 d5 3. Nc3 Bb4 4. e5 c5 5. a3 Bxc3+ 6. bxc3 Ne7 7. Qg4 Qc7 8.
Qxg7 Rg8 9. Qxh7 cxd4 10. Ne2 Nbc6 11. f4 Bd7 12. Rb1 dxc3 13. Qd3 Rc8 14. h4
Na5 15. Rh3 a6 16. h5 Bb5 17. Rxb5 axb5 18. Qxb5+ Nac6 19. h6 Qa5 20. Nd4 Qa7
21. Nf3 Rh8 22. g4 Kd7 23. Ng5 Rcf8 24. Be3 Qb8 25. Nf3 Kc8 26. Bc5 Rfg8 27.
Bd6 Qa7 28. Ng5 Qd4 29. Nf3 Qe3+ 30. Be2 Rxg4 31. Qa4 Kd7 32. Qb5 Kc8 33. Qa4
Kd7 34. Qb5 Kc8 35. Qa4 1/2-1/2